000 00316nam a22001457a 4500
003 OSt
005 20220214135424.0
008 220214b |||||||| |||| 00| 0 eng d
020 _a0872628116
040 _cHU
082 _a627.5
100 _aIrr
_930384
245 _aIrrigation & Drainage
942 _2ddc
_cBOOKS
_n0
999 _c30182
_d30182